| 000 | 00460nam a2200145 a 4500 | ||
|---|---|---|---|
| 001 | 000026880 | ||
| 005 | 20200930030451.0 | ||
| 008 | 110328s1940 dr r 000 0 spa d | ||
| 040 |
_aDO-SdBNP _bspa _cBNPHU |
||
| 082 |
_axxxx _bxxxx |
||
| 100 | 1 |
_aGarcia Aybar, José Ernesto _953992 |
|
| 245 | 1 | 4 | _aLas leyes de interés social en la era de Trujillo. |
| 260 |
_aCiudad Trujillo, República Dominicana, : _bPartido Dominicano, _c1940. |
||
| 300 |
_a32 p. ; _c22 cm. |
||
| 999 |
_c26372 _d26372 |
||